00779cam a2200217 c 450000500170000000800410001702000220005804000290008004100130010904200080012204400080013008200170013810000230015524501610017826000490033930000530038853400490044165000150049065000270050570000290053220180803165236.0021114s2003 nhuab b 001 0 eng  a1578082145 (pbk.) aDLCcDLCdDLCdCO-BoIAVH1 aenghfre apcc axxu04a577.55bB95l1 aBurel, Françoise10aLandscape ecology :bconcepts, methods, and applications /cFrançoise Burel, Jacques Baudry ; illustrations, Yannie Le Flem ; photographs, Jacques Baudry. aEnfield, N.H. :bScience Publishers,cc2003. axvi, 362 p. :bilustraciones y mapas ; c24 cm. pTítulo original : tÉcologie du paysage.14aEcología24aEcología del paisaje1 aBaudry, Jacques,eautor.